000 00213nam a22000857a 4500
008 170228b xxu||||| |||| 00| 0 eng d
100 _92947
_aBhattacharjee.T.
245 _aGeography-VIII
260 _aNew Delhi
_bAPC
_c2009
999 _c6191
_d6191